Statistics for Can you name the Taylor Swift songs which contain these names?

Click here to take the quiz!

General Stats

  • This quiz has been taken 27 times
  • The average score is 6 of 8

Answer Stats

HintAnswer% Correct
Esteno body, no crime
92%
DrewTeardrops On My Guitar
92%
Jamesbetty
88%
RebekahThe Last Great American Dynasty
84%
AbigailFifteen
80%
CoryStay Beautiful
48%
DrakeI Forgot That You Existed
44%
BobbyStarlight
40%

Score Distribution

Percentile by Number Answered

Percent of People with Each Score

Your Score History

You have not taken this quiz